[Event "MNT-ch 77th"]
[Site "Podgorica"]
[Date "2025.02.07"]
[Round "9"]
[White "Rovcanin, Zeljko"]
[Black "Sekulic, Nikola"]
[Result "1/2-1/2"]
[WhiteElo "2065"]
[BlackElo "1948"]
[PlyCount "128"]
[EventDate "2025.01.31"]
[EventType "swiss"]
[EventRounds "11"]
[EventCountry "MNE"]
[SourceTitle "CB07_2025"]
[SourceDate "2025.02.12"]
[SourceVersion "1"]
[SourceVersionDate "2025.02.12"]
[SourceQuality "1"]

1. Nf3 Nf6 2. d4 d5 3. c4 dxc4 4. Nc3 Nd5 5. Qa4+ c6 6. Qxc4 e6 7. e4 b5 8. Qb3 Nb6 9. Be2 Be7 10. 0-0 0-0 11. Bf4 Bd6 12. e5 Be7 13. Rad1 a5 14. Bd3 b4 15. Ne4 Ba6 16. Rfe1 Bxd3 17. Qxd3 Nd5 18. Neg5 g6 19. Bc1 Kg7 20. Qd2 Rh8 21. Nh3 h6 22. Qc2 Ra7 23. Nd2 Qb6 24. Ne4 Nd7 25. Nf4 Nxf4 26. Bxf4 Qb5 27. Rc1 Rc7 28. Qd2 Ra7 29. Qc2 Rc7 30. Nf6 Rb7 31. Ng4 g5 32. Bd2 Rc7 33. Ne3 Nb6 34. h4 Nd5 35. h5 Nf4 36. Nc4 Nxh5 37. g3 Kf8 38. Ne3 Ng7 39. b3 Rd7 40. Qe4 c5 41. Rc4 cxd4 42. Rxd4 Nf5 43. Rxd7 Qxd7 44. Nc4 Kg7 45. Be3 a4 46. Nb6 Qb5 47. Nxa4 Nxe3 48. Rxe3 Rd8 49. Qc2 Rd5 50. Qe2 Qd7 51. Nb6 Rd1+ 52. Kh2 Qd2 53. Nc4 Qc1 54. Qf3 h5 55. Rd3 Re1 56. Nd6 Bxd6 57. Rxd6 Rxe5 58. Qxh5 Qc2 59. Kg1 Rf5 60. Qh2 Qxa2 61. Rd8 Qb1+ 62. Kg2 Qe4+ 63. Kf1 Qb1+ 64. Kg2 Qe4+ 1/2-1/2

[Event "MNT-ch 77th"]
[Site "Podgorica"]
[Date "2025.02.01"]
[Round "2"]
[White "Vlatkovic, Milos"]
[Black "Rovcanin, Zeljko"]
[Result "1-0"]
[WhiteElo "2290"]
[BlackElo "2065"]
[PlyCount "85"]
[EventDate "2025.01.31"]
[EventType "swiss"]
[EventRounds "11"]
[EventCountry "MNE"]
[SourceTitle "CB07_2025"]
[SourceDate "2025.02.12"]
[SourceVersion "1"]
[SourceVersionDate "2025.02.12"]
[SourceQuality "1"]

1. d4 d5 2. Nf3 Nf6 3. Bf4 e6 4. e3 Be7 5. Nbd2 Nbd7 6. h3 0-0 7. Bd3 c5 8. c3 Qb6 9. Rb1 a5 10. Ne5 Re8 11. h4 cxd4 12. exd4 Nf8 13. h5 N6d7 14. Qg4 Nxe5 15. dxe5 f5 16. Qg3 Kh8 17. Nf3 Qc7 18. Nd4 Bd7 19. 0-0 Qb6 20. Rfe1 Rec8 21. Qh3 Qd8 22. Nf3 g5 23. hxg6 Nxg6 24. Be3 d4 25. Nxd4 Bg5 26. Rbd1 Bxe3 27. Rxe3 Qe7 28. Qh6 Rg8 29. Kf1 Raf8 30. Bb5 Bc8 31. Nf3 Rd8 32. Red3 Rxd3 33. Rxd3 Rd8 34. Qd2 Rg8 35. Qh6 Rd8 36. Rxd8+ Qxd8 37. Kg1 Kg8 38. Qe3 f4 39. Qc5 b6 40. Qd6 Qe7 41. Qxb6 Bb7 42. Bc6 Bxc6 43. Qxc6 1-0

[Event "MNT-chT"]
[Site "Niksic"]
[Date "2018.08.11"]
[Round "5.1"]
[White "Mitrovic, Stevan"]
[Black "Rovcanin, Zeljko"]
[Result "1-0"]
[WhiteElo "2110"]
[BlackElo "2101"]
[PlyCount "88"]
[EventDate "2018.08.07"]
[EventType "team-tourn"]
[EventRounds "9"]
[EventCountry "MNE"]
[SourceTitle "CBM 186 Extra"]
[Source "ChessBase"]
[SourceDate "2018.08.24"]
[SourceVersion "1"]
[SourceVersionDate "2018.08.24"]
[SourceQuality "1"]
[WhiteTeam "Kotor"]
[BlackTeam "Jedinstvo"]
[WhiteTeamCountry "MNE"]
[BlackTeamCountry "MNE"]

1. d4 d5 2. c4 e6 3. Nf3 Nf6 4. Bg5 Nbd7 5. e3 c6 6. Nc3 Qa5 7. Nd2 Bb4 8. Qc2 dxc4 9. Bxf6 Nxf6 10. Nxc4 Qd8 11. Bd3 0-0 12. 0-0 c5 13. dxc5 Bxc5 14. Ne4 Nxe4 15. Bxe4 f5 16. Bf3 Rb8 17. Rfd1 Qe7 18. Rac1 a6 19. Ne5 Bb6 20. g3 g5 21. Qc3 Rd8 22. Rxd8+ Bxd8 23. Bh5 Bd7 24. Bf7+ Kf8 25. Rd1 Bb5 26. Bh5 Bc7 27. Nd7+ Kg8 28. Qxc7 Rf8 29. Qd6 Qxd6 30. Rxd6 Rc8 31. Rd1 g4 32. Ne5 Kg7 33. h3 Kf6 34. f4 gxf3 35. Nxf3 e5 36. Rd6+ Ke7 37. Rd2 Rc1+ 38. Kh2 Bc6 39. Ng1 Rf1 40. g4 f4 41. exf4 exf4 42. h4 Kf6 43. b3 Ke5 44. Be8 Be4 1-0

[Event "Podgorica Buducnost op 3rd"]
[Site "Podgorica"]
[Date "2017.12.26"]
[Round "7"]
[White "Rovcanin, Zeljko"]
[Black "Kisic, Bozidar"]
[Result "0-1"]
[WhiteElo "2121"]
[BlackElo "2233"]
[PlyCount "74"]
[EventDate "2017.12.22"]
[EventType "swiss"]
[EventRounds "7"]
[EventCountry "MNE"]
[SourceTitle "CBM 182 Extra"]
[Source "ChessBase"]
[SourceDate "2018.02.23"]
[SourceVersion "1"]
[SourceVersionDate "2018.02.23"]
[SourceQuality "1"]

1. d4 d5 2. Nf3 Bg4 3. Qd3 Nc6 4. Nbd2 e6 5. c3 Bf5 6. Qb5 a6 7. Qb3 Bd6 8. e3 h6 9. a3 b5 10. Qd1 g5 11. Nb3 g4 12. Nfd2 Qf6 13. a4 Rb8 14. axb5 axb5 15. Na5 Nxa5 16. Rxa5 c6 17. g3 Qg6 18. Qb3 Ne7 19. Be2 h5 20. Qa2 h4 21. Rg1 h3 22. b3 0-0 23. Ba3 Bxa3 24. Qxa3 Qf6 25. b4 Nc8 26. Nb3 Nd6 27. Nc5 e5 28. Qa2 exd4 29. cxd4 Nc4 30. Ra7 Rfe8 31. Bxc4 Qxd4 32. Qd2 Qxc4 33. f3 Ra8 34. Ra6 Rxa6 35. Nxa6 Ra8 36. e4 Rxa6 37. Qg5+ Bg6 0-1

[Event "Podgorica Buducnost op 3rd"]
[Site "Podgorica"]
[Date "2017.12.24"]
[Round "5"]
[White "Rovcanin, Zeljko"]
[Black "Jeknic, Velimir"]
[Result "1-0"]
[WhiteElo "2121"]
[BlackElo "1902"]
[PlyCount "95"]
[EventDate "2017.12.22"]
[EventType "swiss"]
[EventRounds "7"]
[EventCountry "MNE"]
[SourceTitle "CBM 182 Extra"]
[Source "ChessBase"]
[SourceDate "2018.02.23"]
[SourceVersion "1"]
[SourceVersionDate "2018.02.23"]
[SourceQuality "1"]

1. d4 Nf6 2. c4 g6 3. Nc3 Bg7 4. Nf3 0-0 5. Bf4 d6 6. Qd2 b5 7. cxb5 a6 8. Bh6 axb5 9. Bxg7 Kxg7 10. Nxb5 Bb7 11. Nc3 Na6 12. e3 Qd7 13. Be2 Rfb8 14. 0-0 Nb4 15. h3 Nbd5 16. Rfc1 Nxc3 17. Qxc3 Nd5 18. Qc2 Rc8 19. a3 Nf6 20. b4 Be4 21. Qb2 h6 22. Nd2 Bf5 23. d5 g5 24. e4 Bg6 25. b5 Kh7 26. Qd4 Rg8 27. g4 h5 28. f3 hxg4 29. hxg4 Kg7 30. a4 Rh8 31. Kg2 Rh4 32. Rh1 Rah8 33. Rxh4 Rxh4 34. Rh1 Rxh1 35. Kxh1 e5 36. Qe3 Nh7 37. a5 f6 38. a6 Qc8 39. Qa7 Bf7 40. Qb7 Qh8 41. a7 Nf8+ 42. Kg1 Qh3 43. a8Q Ng6 44. Qaa7 Qg3+ 45. Kf1 Nf4 46. Qf2 Qh3+ 47. Ke1 Qh1+ 48. Nf1 1-0

[Event "Podgorica Buducnost op 3rd"]
[Site "Podgorica"]
[Date "2017.12.23"]
[Round "2"]
[White "Rovcanin, Zeljko"]
[Black "Pecurica, Milos"]
[Result "0-1"]
[WhiteElo "2121"]
[BlackElo "2324"]
[PlyCount "100"]
[EventDate "2017.12.22"]
[EventType "swiss"]
[EventRounds "7"]
[EventCountry "MNE"]
[SourceTitle "CBM 182 Extra"]
[Source "ChessBase"]
[SourceDate "2018.02.23"]
[SourceVersion "1"]
[SourceVersionDate "2018.02.23"]
[SourceQuality "1"]

1. d4 d5 2. Nf3 Nf6 3. c4 c6 4. Qc2 g6 5. e3 Bf5 6. Bd3 Bxd3 7. Qxd3 Bg7 8. Nc3 0-0 9. 0-0 Nbd7 10. cxd5 Nxd5 11. Nxd5 cxd5 12. Qb3 Nb6 13. Bd2 Qd7 14. Bc3 Rfc8 15. Rfd1 Qe6 16. Nd2 Rc6 17. a4 Qd7 18. h3 Rac8 19. Qb5 a6 20. Qe2 Nxa4 21. Rxa4 Rxc3 22. Rxa6 Rc2 23. Ra2 e5 24. dxe5 Bxe5 25. Qd3 Rxb2 26. Rxb2 Bxb2 27. e4 Qa4 28. Qb1 dxe4 29. Nxe4 Qxd1+ 30. Qxd1 Rc1 31. Qxc1 Bxc1 32. Kf1 Kf8 33. Ke2 Ke7 34. Kd3 f5 35. Nc5 b5 36. Nb3 Bb2 37. f3 Kd6 38. g4 Ke5 39. Kc2 Bd4 40. gxf5 gxf5 41. Kd3 Bb6 42. Ke2 Kf4 43. Nc1 Kg3 44. Nd3 Kxh3 45. Nf4+ Kg3 46. Nh5+ Kg2 47. Ng7 f4 48. Nh5 Bc7 49. Nf6 h5 50. Nxh5 Be5 0-1

[Event "Podgorica Buducnost op 3rd"]
[Site "Podgorica"]
[Date "2017.12.22"]
[Round "1"]
[White "Delevic, Nina"]
[Black "Rovcanin, Zeljko"]
[Result "0-1"]
[WhiteElo "1765"]
[BlackElo "2121"]
[PlyCount "50"]
[EventDate "2017.12.22"]
[EventType "swiss"]
[EventRounds "7"]
[EventCountry "MNE"]
[SourceTitle "CBM 182 Extra"]
[Source "ChessBase"]
[SourceDate "2018.02.23"]
[SourceVersion "1"]
[SourceVersionDate "2018.02.23"]
[SourceQuality "1"]

1. Nf3 Nf6 2. g3 d5 3. Bg2 c5 4. d3 Nc6 5. 0-0 e5 6. e4 d4 7. Bg5 h6 8. Bxf6 Qxf6 9. c3 g5 10. cxd4 cxd4 11. Nbd2 h5 12. h4 gxh4 13. Nxh4 Bh6 14. Ndf3 Bg4 15. Qb3 0-0-0 16. Nf5 Bxf3 17. Bxf3 Bg5 18. Bg2 h4 19. f4 Bh6 20. Nxh6 Qxh6 21. Bh3+ Kb8 22. g4 exf4 23. Qxf7 Rdf8 24. Qd5 f3 25. Rae1 Qf4 0-1

[Event "Cetinje op"]
[Site "Cetinje"]
[Date "2016.05.06"]
[Round "4"]
[White "Bubanja, Milos"]
[Black "Rovcanin, Zeljko"]
[Result "0-1"]
[WhiteElo "1591"]
[BlackElo "2145"]
[PlyCount "48"]
[EventDate "2016.05.04"]
[EventType "swiss"]
[EventRounds "9"]
[EventCountry "MNE"]
[SourceTitle "CBM 172 Extra"]
[Source "ChessBase"]
[SourceDate "2016.06.21"]
[SourceVersion "1"]
[SourceVersionDate "2016.06.21"]
[SourceQuality "1"]

1. d4 d5 2. c4 c6 3. Nc3 Nf6 4. Nf3 e6 5. Bg5 Nbd7 6. e3 Qa5 7. Qc2 Ne4 8. Bd3 Nxg5 9. Nxg5 dxc4 10. Nf3 cxd3 11. Qxd3 Bb4 12. 0-0 Bxc3 13. bxc3 b6 14. Nd2 0-0 15. c4 Ba6 16. Rfc1 Rfd8 17. Qc2 c5 18. Nb3 Qa4 19. Qc3 Qc6 20. a4 Bb7 21. f3 a5 22. Nd2 Nf6 23. Qb2 Rab8 24. Rcb1 Ba6 0-1

[Event "Cetinje op"]
[Site "Cetinje"]
[Date "2016.05.05"]
[Round "3"]
[White "Rovcanin, Zeljko"]
[Black "Rama, Lorenc"]
[Result "0-1"]
[WhiteElo "2145"]
[BlackElo "2319"]
[PlyCount "86"]
[EventDate "2016.05.04"]
[EventType "swiss"]
[EventRounds "9"]
[EventCountry "MNE"]
[SourceTitle "CBM 172 Extra"]
[Source "ChessBase"]
[SourceDate "2016.06.21"]
[SourceVersion "1"]
[SourceVersionDate "2016.06.21"]
[SourceQuality "1"]

1. d4 Nf6 2. Nf3 e6 3. c4 Bb4+ 4. Bd2 Qe7 5. Nc3 b6 6. e3 Bb7 7. Be2 0-0 8. 0-0 d6 9. a3 Bxc3 10. Bxc3 Ne4 11. Be1 f5 12. Nd2 Nf6 13. b4 Nbd7 14. Bf3 Ne4 15. Rc1 Ndf6 16. Be2 c5 17. f3 Nxd2 18. Qxd2 e5 19. bxc5 bxc5 20. d5 Rad8 21. Rb1 Bc8 22. Bh4 h6 23. Bxf6 Rxf6 24. Rb8 f4 25. e4 Qc7 26. Rfb1 Rdf8 27. R1b2 g5 28. R2b5 h5 29. Qe1 Rg6 30. Kh1 Qe7 31. Ra8 Kh8 32. Rbb8 Rgg8 33. Qa5 a6 34. Qe1 g4 35. Bf1 gxf3 36. gxf3 Bg4 37. fxg4 Rxb8 38. Rxb8 Rxb8 39. gxh5 Qg5 40. Be2 Rb3 41. Qf1 Rxa3 42. Qb1 f3 43. Bf1 f2 0-1

[Event "Cetinje op"]
[Site "Cetinje"]
[Date "2016.05.04"]
[Round "1"]
[White "Rovcanin, Zeljko"]
[Black "Popovic, Dusan"]
[Result "0-1"]
[WhiteElo "2145"]
[BlackElo "2539"]
[PlyCount "76"]
[EventDate "2016.05.04"]
[EventType "swiss"]
[EventRounds "9"]
[EventCountry "MNE"]
[SourceTitle "CBM 172 Extra"]
[Source "ChessBase"]
[SourceDate "2016.06.21"]
[SourceVersion "1"]
[SourceVersionDate "2016.06.21"]
[SourceQuality "1"]

1. d4 d6 2. Nf3 Nf6 3. g3 g6 4. Bg2 Bg7 5. 0-0 0-0 6. Nbd2 Nbd7 7. e4 e5 8. c3 b6 9. Re1 Bb7 10. h3 Re8 11. d5 Rf8 12. Nc4 Nc5 13. Bg5 h6 14. Bxf6 Qxf6 15. b4 Nd7 16. Qa4 Qe7 17. Rad1 Nf6 18. Nfd2 h5 19. Nf1 h4 20. g4 Nh7 21. a3 Bc8 22. Nce3 Bh6 23. c4 Kh8 24. c5 f5 25. cxd6 cxd6 26. f3 fxe4 27. fxe4 Ng5 28. Nh2 Rf4 29. Qc2 Bd7 30. Nef1 Rc8 31. Qd3 Rcf8 32. Nd2 Ba4 33. Ra1 Rf2 34. Ndf3 Bc2 35. Qc3 Nxe4 36. Rxe4 Rxg2+ 37. Kxg2 Bxe4 38. Rd1 Qf7 0-1

[Event "MNT-chT"]
[Site "Cetinje"]
[Date "2010.10.08"]
[Round "7"]
[White "Draskovic, Luka"]
[Black "Rovcanin, Zeljko"]
[Result "1-0"]
[WhiteElo "2155"]
[BlackElo "2192"]
[PlyCount "87"]
[EventDate "2010.08.27"]
[EventType "team-tourn"]
[EventRounds "9"]
[EventCountry "MNE"]
[SourceTitle "CBM 138 Extra"]
[Source "ChessBase"]
[SourceDate "2010.10.29"]
[SourceVersion "1"]
[SourceVersionDate "2010.10.29"]
[SourceQuality "1"]

1. e4 d6 2. d4 Nf6 3. Nc3 g6 4. Nf3 Bg7 5. h3 0-0 6. Be3 a6 7. a4 Nc6 8. Be2 h6 9. 0-0 e5 10. dxe5 dxe5 11. Bc4 Qe7 12. Qe2 Rd8 13. Rad1 Rxd1 14. Rxd1 Bd7 15. Qd2 Qf8 16. Qe2 Re8 17. Nd5 Nxd5 18. Bxd5 Rd8 19. c3 Qe8 20. Kh2 Kh7 21. b4 Bc8 22. b5 axb5 23. axb5 Na5 24. Bxf7 Qe7 25. Rxd8 Qxd8 26. Qa2 b6 27. Qd5 Qe7 28. Nd2 Bd7 29. Bg8+ Kh8 30. Qa8 Bf8 31. Bd5 Kg7 32. c4 g5 33. c5 Bxb5 34. cxb6 cxb6 35. Bxb6 Qf6 36. Qxa5 Bd7 37. Be3 g4 38. Qc7 Qe7 39. hxg4 Kh8 40. Nf3 Bxg4 41. Qxe7 Bxe7 42. Nxe5 Bh5 43. Bxh6 Bc5 44. Be3 1-0

[Event "MNT-ch sf"]
[Site "Cetinje"]
[Date "2010.05.29"]
[Round "8"]
[White "Rovcanin, Zeljko"]
[Black "Lekic, Lazar"]
[Result "1-0"]
[WhiteElo "2190"]
[BlackElo "1866"]
[PlyCount "72"]
[EventDate "2010.05.24"]
[EventType "swiss"]
[EventRounds "9"]
[EventCountry "MNE"]
[SourceTitle "CBM 136 Extra"]
[Source "ChessBase"]
[SourceDate "2010.07.02"]
[SourceVersion "2"]
[SourceVersionDate "2010.07.15"]
[SourceQuality "1"]

1. Nf3 Nf6 2. b3 g6 3. Bb2 Bg7 4. e3 0-0 5. Be2 c5 6. 0-0 d5 7. d4 cxd4 8. exd4 b6 9. Re1 Bb7 10. Ne5 Nbd7 11. a4 Qc7 12. Nd2 Nxe5 13. dxe5 Ne4 14. Nf3 Nc3 15. Qd3 Nxe2+ 16. Qxe2 a6 17. Rad1 f6 18. e6 Rfd8 19. Bd4 Rd6 20. Bb2 Rdd8 21. Qd2 Rac8 22. Nd4 f5 23. Re2 Bc6 24. h4 Be8 25. h5 Kh8 26. g3 gxh5 27. Kg2 h4 28. Qg5 Bf6 29. Qh6 Bg6 30. Rh1 Rg8 31. Rxh4 Rg7 32. Rf4 Rcg8 33. Re1 Bxd4 34. Rh4 Bf6 35. Rhh1 f4 36. Kg1 Be4 1-0

[Event "MNT-ch sf"]
[Site "Cetinje"]
[Date "2010.05.27"]
[Round "6"]
[White "Benderac, Srdjan"]
[Black "Rovcanin, Zeljko"]
[Result "1-0"]
[WhiteElo "2320"]
[BlackElo "2190"]
[PlyCount "45"]
[EventDate "2010.05.24"]
[EventType "swiss"]
[EventRounds "9"]
[EventCountry "MNE"]
[SourceTitle "CBM 136 Extra"]
[Source "ChessBase"]
[SourceDate "2010.07.02"]
[SourceVersion "2"]
[SourceVersionDate "2010.07.15"]
[SourceQuality "1"]

1. e4 d6 2. d4 Nf6 3. Nc3 g6 4. Bg5 c6 5. Qd2 Bg7 6. Bh6 0-0 7. 0-0-0 Bxh6 8. Qxh6 Qa5 9. h4 b5 10. f3 b4 11. Nb1 Qxa2 12. h5 Nbd7 13. Nh3 Nb6 14. Ng5 Na4 15. Nxh7 Qxb2+ 16. Kd2 Nxh7 17. hxg6 Qxd4+ 18. Bd3 Qg7 19. Qxg7+ Kxg7 20. Rxh7+ Kxg6 21. Rdh1 Kf6 22. R1h6+ Ke5 23. Ke3 1-0

[Event "MNT-ch sf"]
[Site "Cetinje"]
[Date "2010.05.25"]
[Round "2"]
[White "Batricevic, Sasa"]
[Black "Rovcanin, Zeljko"]
[Result "1/2-1/2"]
[WhiteElo "2306"]
[BlackElo "2190"]
[PlyCount "24"]
[EventDate "2010.05.24"]
[EventType "swiss"]
[EventRounds "9"]
[EventCountry "MNE"]
[SourceTitle "CBM 136 Extra"]
[Source "ChessBase"]
[SourceDate "2010.07.02"]
[SourceVersion "2"]
[SourceVersionDate "2010.07.15"]
[SourceQuality "1"]

1. e4 d6 2. d4 Nf6 3. Nc3 g6 4. Bg5 Bg7 5. e5 Nfd7 6. exd6 cxd6 7. Qd2 h6 8. Be3 a6 9. Be2 Nf6 10. f3 Nbd7 11. Nh3 Nb6 12. d5 Qc7 1/2-1/2

[Event "Podgorica Buducnost op 4th"]
[Site "Podgorica"]
[Date "2009.12.12"]
[Round "4"]
[White "Draganic, Veljko"]
[Black "Rovcanin, Zeljko"]
[Result "1-0"]
[WhiteElo "2300"]
[BlackElo "2169"]
[PlyCount "91"]
[EventDate "2009.12.10"]
[EventType "swiss"]
[EventRounds "7"]
[EventCountry "MNE"]
[SourceTitle "EXT 2019"]
[Source "ChessBase"]
[SourceDate "2018.10.10"]
[SourceVersion "1"]
[SourceVersionDate "2018.10.10"]
[SourceQuality "1"]

1. e4 d6 2. d4 Nf6 3. Nc3 g6 4. Nf3 Bg7 5. Be2 0-0 6. 0-0 c6 7. Re1 Qc7 8. Bf1 e5 9. h3 Nbd7 10. Be3 exd4 11. Bxd4 Ne5 12. Nxe5 dxe5 13. Bc5 Rd8 14. Qf3 Be6 15. Rad1 Nh5 16. a3 Nf4 17. g3 Nh5 18. Be3 h6 19. Na4 b6 20. Nc3 b5 21. Bc5 Bf8 22. Qe3 Bxc5 23. Qxc5 a6 24. Nd5 Bxd5 25. exd5 Rd6 26. Rxe5 Qd8 27. Rde1 Nf6 28. dxc6 Rc8 29. Bg2 Kg7 30. Re7 Rc7 31. Rxc7 Qxc7 32. Qe5 Kf8 33. c3 g5 34. Kh2 Qd8 35. Qc5 Qc7 36. b4 Kg7 37. Re2 Kg6 38. c4 h5 39. Re5 h4 40. Rxg5+ Kh6 41. Qe5 hxg3+ 42. fxg3 Qd8 43. Rf5 Kg6 44. c7 Qh8 45. Qf4 Qc8 46. Rg5+ 1-0

[Event "Podgorica Buducnost op 4th"]
[Site "Podgorica"]
[Date "2009.12.11"]
[Round "2"]
[White "Rovcanin, Zeljko"]
[Black "Krivokapic, Marko"]
[Result "0-1"]
[WhiteElo "2169"]
[BlackElo "2426"]
[PlyCount "93"]
[EventDate "2009.12.10"]
[EventType "swiss"]
[EventRounds "7"]
[EventCountry "MNE"]
[SourceTitle "EXT 2019"]
[Source "ChessBase"]
[SourceDate "2018.10.10"]
[SourceVersion "1"]
[SourceVersionDate "2018.10.10"]
[SourceQuality "1"]

1. d4 d5 2. c4 e6 3. Nc3 Nf6 4. Bg5 Nbd7 5. cxd5 exd5 6. e3 c6 7. Bd3 Bd6 8. Nf3 Nf8 9. Ne5 Ng6 10. f4 0-0 11. 0-0 h6 12. Bxf6 Qxf6 13. Qh5 Ne7 14. g4 Bxe5 15. g5 Qe6 16. fxe5 Qh3 17. Qxh3 Bxh3 18. Rf3 Bg4 19. Rf4 h5 20. Raf1 Rac8 21. Kg2 Be6 22. Kg3 g6 23. R4f2 Kg7 24. h4 b6 25. Rf6 c5 26. Nb5 c4 27. Bc2 a6 28. Nd6 Rb8 29. R1f2 b5 30. Rd2 a5 31. Rf1 b4 32. Kf4 Bg4 33. Rff2 Be6 34. Rd1 Nc8 35. Nxc8 Rfxc8 36. Rdf1 Rb7 37. Rd1 Ra7 38. Re2 a4 39. Rf1 b3 40. axb3 axb3 41. Bb1 c3 42. bxc3 Rxc3 43. Rd1 Ra8 44. Rd3 Rxd3 45. Bxd3 Ra2 46. Re1 Rh2 47. Rb1 0-1